| 000 | 00382cam a2200169ua 4500 | ||
|---|---|---|---|
| 020 | _c2.00 | ||
| 041 |
_ahin _h |
||
| 082 |
_a891.54 _bAMR/NE |
||
| 100 | _aAmrita, Pritam. | ||
| 245 |
_aNeena / _cAmrita Preetam. _hTextual Documents |
||
| 260 |
_a : _bHind Pocket Books Pvt Ltd. |
||
| 300 | _a111 ; . | ||
| 365 | _a2.00 | ||
| 504 | _a | ||
| 942 | _cBK | ||
| 999 |
_c8140 _d8140 |
||